| 000 | 00822cam a2200301 4500 | ||
|---|---|---|---|
| 008 | 000000n2000 000 0 eng u | ||
| 020 | _a1851124438 | ||
| 035 | _a(Sirsi) u109587 | ||
| 100 | _aTodorovic, Jane | ||
| 110 |
_aUnited Kingdom _bDepartment of the Environment, Transport and the Regions _93507 |
||
| 245 | _aLiving in urban England : attitudes and aspirations. | ||
| 260 |
_aLondon _bDETR _c2000 |
||
| 300 | _a19p. ; 30cm. | ||
| 350 | _a6.00 | ||
| 650 | _aURBAN WHITE PAPER | ||
| 650 | _aSOCIAL ISSUES | ||
| 650 | _aSTATISTICS | ||
| 650 | _aLIVING ENVIRONMENT | ||
| 650 | _aCRIME | ||
| 650 | _aSUBURBAN AREAS | ||
| 650 | _aURBAN AREAS | ||
| 650 | _aVANDALISM | ||
| 650 | _aTRANSPORT | ||
| 650 | _aREGENERATION | ||
| 690 | _aECONOMIC ISSUES | ||
| 700 | _aWellington, Steve | ||
| 942 | _n0 | ||
| 999 |
_c100958 _d100958 |
||